Atlas geográfico de Chile para la educación
Spremljeno u:
| Format: | Knjiga |
|---|---|
| Jezik: | španjolski |
| Izdano: |
Santiago
Instituto Geográfico Militar
1988
|
| Izdanje: | 2a. ed |
| Teme: | |
| Oznake: |
Dodaj oznaku
Bez oznaka, Budi prvi tko označuje ovaj zapis!
|
MARC
| LEADER | 00000nam a2200000 a 4500 | ||
|---|---|---|---|
| 001 | UCH6581 | ||
| 003 | CL-VaPUC | ||
| 008 | 091109e19880000CL |||||||||||||||||spa|d | ||
| 020 | |a 9562020370 | ||
| 082 | 0 | 4 | |a 912.83 |b ATL |2 21 |
| 245 | 1 | 0 | |a Atlas geográfico de Chile para la educación |
| 250 | |a 2a. ed | ||
| 300 | |a 138 p | ||
| 942 | |c BK | ||
| 945 | |d 20091109 00:00:00 |a lazolas | ||
| 260 | |a Santiago |b Instituto Geográfico Militar |c 1988 | ||
| 650 | 0 | |a Atlas |9 260843 | |
| 650 | 0 | |a Mapas |9 260844 | |
| 650 | 7 | |a MAPAS HISTORICOS |2 CL-VaPUC |9 452324 | |
| 650 | 7 | |a SISTEMA SOLAR |2 CL-VaPUC |9 268650 | |
| 651 | 7 | |a CHILE |2 CL-VaPUC |9 543172 | |
| 583 | |a last modification |c 20091109 00:00:00 |k Rodrigo Vera | ||
| 999 | |c 337446 |d 337444 | ||